| 000 | 01505nam a2200301 a 4500 | ||
|---|---|---|---|
| 001 | 000046836 | ||
| 003 | DO-SdBNP | ||
| 005 | 20240722115755.0 | ||
| 008 | 180402s2015 drv 000 spa d | ||
| 020 | _a9789945423341 | ||
| 040 |
_aDO-SdBNP _bspa _cBPMSU |
||
| 082 | 4 |
_aRD860.08 _bA634u 2015 _222 |
|
| 245 | 0 | 0 |
_aAntología I : _bTaller Literario Mariano Lebrón Saviñón/ _6 Ana Muñoz... [et al.]. |
| 260 |
_aSanto Domingo : _bUniversidad APEC, _c2015. |
||
| 300 |
_a129, [14] p. : _bil. ; _c24 cm. |
||
| 505 | 0 | _aPalabras del director de español y excoordinador del taller / Nan Chevalier -- Los antologizados y algunas de sus obras -- El taller en imágenes --Casado, Denisse Grullón Abreu, Eddy Paulino, Enma Pérez, Fabio Jiménez Guillén, Isidro Abreu Hernández, Jean Carlos Paulino Santana, Laura Chevalier, Melissa Andújar, Meredith Mercedes, Princis Espino, Ramiro Rodríguez Segura, Sóstenes Raúl Languasco Méndez, Vanessa Paz, Víctor Dios Morel, Yeimy de Díaz del Rosario, Yoaska Esther | |
| 590 | _aInventariado,2024VM | ||
| 650 | 4 | _a Literatura dominicana | |
| 650 | 4 | _aPoesía dominicana | |
| 650 | 4 | _aEnsayos dominicanos | |
| 650 | 4 | _aCuentos dominicanos | |
| 650 | 4 |
_aMovimientos literarios _zRepública Dominicana |
|
| 700 | 1 | _3Muñoz, Ana | |
| 710 | 2 | _aTaller Literario Mariano Lebrón Saviñón | |
| 710 | 2 | _aUniversidad APEC (República Dominicana) | |
| 910 | _aVMateo V. Control de calidad. BPMSU | ||
| 942 |
_2ddc _cBK |
||
| 999 |
_c13646 _d13646 |
||